000 01188nam a2200325 i 4500
003 EG-GICUC
005 20260121101530.0
008 251221s2009 ua d|||fr|||| 000 0 ara d
017 _a2008/11514
020 _a977-328-485-9
040 _a EG-GICUC
_bara
_c EG-GICUC
_d EG-GICUC
_erda
041 0 _aara
082 0 4 _221
_a345.452
_bه ش . م
092 0 4 _221
099 _aLaw1 07 345.452 ه ش . م 2009
100 0 _aهشام محمد توفيق.
_eمؤلف.
245 1 0 _aالمسئولية الإشرافية للقيادة الشرطية /
_cدكتور هشام محمد توفيق.
264 1 _aالإسكندرية :
_bدار الجامعة الجديدة،
_c2009.
300 _a306 صفحة ؛
_c24 سم
_bإيضاحيات، صور، مثيليات ؛
336 _2rda content
_atext
337 _2rda media
_aComputer
338 _2rda carrier
_aOnline Resource
504 _a. 304-293 ببليوجرافيا: صفحات.
546 _aالنص باللغة العربية
650 1 4 _aتأديب رجال الشرطة
_2qrmak
651 1 _2qrmak
856 4 0 _uhttps://fll.law.cu.edu.eg/fulltext/bks/B07-01550.pdf
905 _a79
942 _2ddc
_cBK
_e21
_n0
999 _c52086
_d52086